01438nam a2200145 4500008001600000020001800016082002100034100001800055245007000073260005200143300003600195505093700231650008601168700003801254709.729.3 C397a a9789945909746 a709.729.3bC397a aCentro León aAnuario 2017:bcelebrar la identidad y educar a través del arte aSantiago de los CaballerosbCentro Leónc2018 a175 p.bill (col)c30.5 x 23 cm t01 Actividades de cultura e identidadtVII Congreso Internacional Música, Identidad, y Cultura en el Caribe, MIC: Bachatas y cuerdas en las expresiones musicales del CaribetExposición Tesoros del Arte Taínot02 ExposicionestRené del Risco Bermúdez: el oficio de ser joventDalí: Ilustrando GeniostPremio Diario Libre de Arte ContemporáneotLa muñeca Viajera en BlueMallt03 Exposiciones fotográficastWilfredo García: una interpretación fotográfica de la historiatRetratos del más acátLa FronteratDos Años de FotosafaristTodo por Vert04 Educación y comunidadtEntre el museo y las aulastFormando artistas y curadorestMetodología para la Integración de las Artes: Fichas para el diálogotChavón en Centro Leónt05 Cultura participativatDecora tu barrio 2017tCarnavalito 2017tEsfuerzo colectivo: acuerdos de colaboración en el 2017tColaboradores y auspiciadorestYearbook 2017 xarte contemporáneoxRepública Dominicanaxarte - exhibicionesxarte - anuario aNúñez Muñoz, Mario (editor)